| 000 | 01582cam a2200409 a 4500 | ||
|---|---|---|---|
| 999 |
_c233659 _d233659 |
||
| 001 | 18136798 | ||
| 003 | Nust | ||
| 005 | 20170309152532.0 | ||
| 008 | 140502t20122001mau 000 1 eng d | ||
| 010 | _a 2013404432 | ||
| 020 | _a9780857865540 | ||
| 035 | _a(OCoLC)ocn811259905 | ||
| 040 |
_aJBU _cJBU _dGL4 _dYDXCP _dT7A _dORX _dCUS _dWEA _dDLC |
||
| 042 | _alccopycat | ||
| 043 | _apo----- | ||
| 050 | 0 | 0 |
_aPR9199.3.M3855 _bL54 2012 |
| 082 | 0 | 4 |
_a813.54 _bMAR |
| 100 | 1 | _aMartel, Yann, | |
| 245 | 1 | 0 |
_aLife of Pi : _ba novel / _cYann Martel. |
| 260 |
_aBoston : _bMariner Books/Houghton Mifflin Harcourt, _c2001. |
||
| 300 |
_axii, 428 p. ; _c21 cm. |
||
| 520 | _aAfter the sinking of a cargo ship, a solitary lifeboat remains bobbing on the wild blue Pacific. The only survivors from the wreck are a sixteen-year-old boy named Pi, a hyena, a wounded zebra, an orangutan, and a 450-pound Royal Bengal tiger. | ||
| 650 | 0 |
_aShipwreck survival _vFiction. |
|
| 650 | 0 |
_aSurvival at sea _vFiction. |
|
| 650 | 0 |
_aHuman-animal relationships _vFiction. |
|
| 650 | 0 |
_aStorytelling _vFiction. |
|
| 650 | 0 |
_aTeenage boys _vFiction. |
|
| 650 | 0 |
_aOcean travel _vFiction. |
|
| 650 | 0 |
_aZoo animals _vFiction. |
|
| 650 | 0 |
_aOrphans _vFiction. |
|
| 650 | 0 |
_aTiger _vFiction. |
|
| 651 | 0 |
_aPacific Ocean _vFiction. |
|
| 655 | 0 | _aPsychological fiction. | |
| 655 | 7 |
_aAdventure fiction. _2gsafd |
|
| 906 |
_a7 _bcbc _ccopycat _d2 _encip _f20 _gy-gencatlg |
||
| 942 |
_2ddc _cBK |
||